000 00640nam a2200217 i 4500
001 bgj
100 1 _aNOWAKOWSKA, Magdalena
245 1 0 _aBoomerang :
_belementary : książka dla nauczyciela /
_cMagdalena Nowakowska.
260 _aWarszawa :
_bWydawnictwo Szkolne PWN,
_c2002.
300 _a142 pp :
_bill. ;
_c30 cm.
490 1 _aJĘZYK ANGIELSKI DLA GIMNAZJUM
650 9 _aEnglish language
655 _aTextbooks for foreigners
830 _aJĘZYK ANGIELSKI DLA GIMNAZJUM
020 _a8371955154
040 _cBPK
041 0 _aeng
920 _a83-7195-515-4
942 _cKS
008 s uk f |000 0 eng
999 _c48936
_d48936
856 _uhttp://koha.tu.koszalin.pl/cgi-bin/koha/opac-detail.pl?biblionumber=48936
_yKatalog online BPK